| 000 | 01420nas a2200373 c 4500 | ||
|---|---|---|---|
| 001 | 25608 | ||
| 003 | ES-MaCES | ||
| 005 | 20250331105558.0 | ||
| 007 | cr ||||||||||| | ||
| 008 | 970421c1967 sp x| | |spa d | ||
| 022 |
_a1139-4978 _2ISSN.org _l0556-5766 |
||
| 035 |
_aCES19980005892p _z10603 |
||
| 040 |
_aES-MaCES _bspa _cES-MaCES |
||
| 245 | 0 | 0 | _aRevista de Derecho Urbanístico y Medio Ambiente |
| 260 |
_aMadrid _bEditorial Montecorvo _c1967- |
||
| 300 |
_av. _c24 cm |
||
| 310 | _a8 nos. al año | ||
| 500 | _aDescripción basada en: año XXXI, n. 151, (ene.-feb. 1997) | ||
| 541 | _cCompra | ||
| 650 | 4 |
_ajurisprudencia _928624 |
|
| 650 | 4 |
_aEspaña _926964 |
|
| 650 | 4 |
_aderecho _927151 |
|
| 650 | 4 |
_aderecho medioambiental _930801 |
|
| 650 | 4 |
_aurbanización _928625 |
|
| 653 | 1 | 0 | _aDerecho |
| 853 | 2 | 1 |
_aaño _bn. _iaño _jmes _vc _wm _ypm02,03,05,06,08,09,11,12 |
| 855 |
_bnos.[CD] _iaño _jmes _vc _wa |
||
| 856 | 4 |
_uhttp://www.rdu.es/app/webroot/sumarios/RDU_NACIONAL/# _ySumario histórico |
|
| 866 | 0 |
_a1997-2021(2022)2023- _zUbicación: DEPÓSITO - 10603 _zUbicación: SALA - REV.-6.0.-4 |
|
| 905 |
_1Boletín D _fP-CD _kSÍ _nRevisDDerUrbMedAmb _pA |
||
| 942 |
_2CES _cCR _h6.0. |
||
| 999 |
_c25608 _d25608 |
||